Prístupy transferového oceňovania v podmienkach SR

Prístup k transferovému oceňovaniu v slovenskej legislatíve. Prehľad metód pre porovnanie transferového oceňovania a ich popis. Metódy, ktoré vychádzajú z porovnávania ceny. Metódy, ktoré vychádzajú z porovnávania zisku.

Gespeichert in:
Bibliographische Detailangaben
1. Verfasser: Rajčány, Andrej
Format: Buchkapitel
Sprache:Slowakisch
Schlagworte:
Tags: Tag hinzufügen
Keine Tags, Fügen Sie das erste Tag hinzu!

MARC

LEADER 00000naa$a2200000$$$4500
001 0089888
005 20240613080807.5
041 0 |a slo 
044 |a SK 
245 1 0 |a Prístupy transferového oceňovania v podmienkach SR  |c Andrej Rajčány 
520 |a Prístup k transferovému oceňovaniu v slovenskej legislatíve. Prehľad metód pre porovnanie transferového oceňovania a ich popis. Metódy, ktoré vychádzajú z porovnávania ceny. Metódy, ktoré vychádzajú z porovnávania zisku. 
610 2 0 |a oceňovanie transferové 
610 2 0 |a ceny trhové 
610 2 0 |a náklady 
610 2 0 |a zisk 
610 2 0 |a predaj 
610 2 0 |a daňovníci 
610 2 0 |a správa daňová 
610 2 0 |a dane 
100 1 |a Rajčány, Andrej